Obra científica del Instituto Provincial de Paleontología de Sabadell / por el Prof. Dr. Crusafont Pairó
Publicado:
San Jorge, núm. 89 (1r trimestre 1973), pàg 6 - 27 :
MARC
| LEADER | 00000nam a2200000Ia 4500 | ||
|---|---|---|---|
| 003 | BGR | ||
| 005 | 20260324175811.0 | ||
| 008 | 160829s9999 xx 000 0 cat d | ||
| 100 | |a Crusafont Pairó, Miquel |9 28313 | ||
| 245 | |a Obra científica del Instituto Provincial de Paleontología de Sabadell / por el Prof. Dr. Crusafont Pairó | ||
| 260 | |a San Jorge, núm. 89 (1r trimestre 1973), pàg 6 - 27 | ||
| 610 | 2 | 0 | |a Institut Català de Paleontologia Miquel Crusafont |x Història |9 72103 |
| 710 | 2 | |a Institut Paleontològic Miquel Crusafont |9 71158 | |
| 901 | |a Arxiu | ||
| 942 | |n 1 |2 udc |c MON | ||
| 952 | |0 0 |1 0 |4 0 |7 1 |9 50422 |a Arxiu |b Arxiu |d 2016-12-01 |l 0 |r 2016-12-01 00:00:00 |w 2016-12-01 |y ARXIU | ||
| 999 | |c 54264 |d 54264 | ||